000 00347nam a2200133Ia 4500
008 240624s9999 xx 000 0 und d
041 _aeng
082 _a658.406 CAL
100 _aCALIPARI JOHN
245 _aSUCCESS IS THE ONLY OPTION THE ART OF CO
260 _c2016
_aNew York
_bHarperCollins
300 _axix, 228 p.; 23 cm.
365 _c
_b38
999 _c30653
_d30653